000 00267nam a2200097 4500
999 _c518844
_d518844
082 _aT000x54 In2/1974-79
100 _aIndia. Planning Commission
_928830
245 _aFifth five year plan, 1979-79
260 _aDelhi
_bController of Publications
_c1976
300 _a162p.